000 00408nam a22001697a 4500
003 OSt
005 20220105112144.0
008 220105b |||||||| |||| 00| 0 eng d
020 _a0130206016
040 _cH.U
082 _a005.43
100 _aNemeth
_927221
245 _aUNLX Systems Administration Handbook
250 _a3rd
260 _aU.S.A
_bPrentice Hall PTR
_c2001
942 _2ddc
_cBOOKS
_n0
999 _c26131
_d26131